Catálogo
 En Linea

Informe final de la Conferencia Latinoamericana de Cencías Políticas y Sociales (Registro nro. 28428)

Detalles MARC
000 -CABECERA
campo de control de longitud fija 01258nam a2200253 a 4500
001 - NÚMERO DE CONTROL
campo de control 000028936
003 - IDENTIFICADOR DEL NÚMERO DE CONTROL
campo de control DO-SdBNP
005 - FECHA Y HORA DE LA ÚLTIMA TRANSACCIÓN
campo de control 20231016134740.0
008 - DATOS DE LONGITUD FIJA--INFORMACIÓN GENERAL
campo de control de longitud fija 110412s1967 dr 001 0 spa d
040 ## - FUENTE DE LA CATALOGACIÓN
Centro catalogador/agencia de origen DO-SdBNP
Lengua de catalogación spa
Centro/agencia transcriptor BNPHU
082 #4 - NÚMERO DE LA CLASIFICACIÓN DECIMAL DEWEY
Número de clasificación 320.6
Número de documento/Ítem C748i
Número de edición 22
111 2# - ENTRADA PRINCIPAL--NOMBRE DE CONGRESO/REUNIÓN
Nombre de congreso/reunión o jurisdicción como elemento de entrada Conferencia Latinoamericana de Cencías Políticas y Sociales
Número del congreso/reunión o número de parte o sección (3a. :
Fecha del congreso/reunión 1967 :
Sede del congreso/Lugar de la reunión Santo Domingo)
9 (RLIN) 55885
245 10 - MENCIÓN DE TÍTULO
Título Informe final de la Conferencia Latinoamericana de Cencías Políticas y Sociales
260 ## - PUBLICACIÓN, DISTRIBUCIÓN, ETC.
Lugar de publicación, distribución, etc. Santo Domingo :
Nombre del editor, distribuidor, etc. Universidad Autónoma de Santo Domingo :
-- Instituto Latinamericano de Ciencias Políticas y Sociales,
Fecha de publicación, distribución, etc. 1967.
300 ## - DESCRIPCIÓN FÍSICA
Extensión 115 h. ;
Dimensiones 21 cm.
500 ## - NOTA GENERAL
Nota general Ejemplar mecanuscrito.
505 0# - NOTA DE CONTENIDO CON FORMATO
Información miscelánea Introducción --
Título Compendio de los trabajos presentados --
-- Mociones y Acuerdos --
-- Discursos
-- Proyecto de reglamento --
-- Programa de trabajos --
-- Reglamento de Santiago.
650 #4 - PUNTO DE ACCESO ADICIONAL DE MATERIA--TÉRMINO DE MATERIA
Término de materia o nombre geográfico como elemento de entrada Sociología política
9 (RLIN) 55886
Subdivisión de forma Congresos, conferencias, etc.
650 #4 - PUNTO DE ACCESO ADICIONAL DE MATERIA--TÉRMINO DE MATERIA
Término de materia o nombre geográfico como elemento de entrada Ciencias políticas
9 (RLIN) 55887
Subdivisión de forma Congresos, conferencias, etc.
650 #4 - PUNTO DE ACCESO ADICIONAL DE MATERIA--TÉRMINO DE MATERIA
Término de materia o nombre geográfico como elemento de entrada Ciencias sociales
9 (RLIN) 55888
Subdivisión de forma Congresos, conferencias, etc.
651 #4 - PUNTO DE ACCESO ADICIONAL DE MATERIA--NOMBRE GEOGRÁFICO
Nombre geográfico América Latina
Subdivisión general Integración Económica
9 (RLIN) 44001
Subdivisión de forma Congresos, conferencias, etc.
910 ## - DATOS DE OPCIÓN DEL USUARIO (OCLC)
Datos de opción del usuario Validado. Control de calidad EMS
942 ## - ELEMENTOS DE PUNTO DE ACCESO ADICIONAL (KOHA)
Fuente del sistema de clasificación o colocación Dewey Decimal Classification
Tipo de ítem Koha Libro
Existencias
Estado de retiro Estado de pérdida No para préstamo Código de colección Localización permanente Ubicación/localización actual Ubicación en estantería Fecha de adquisición Número de inventario Total de préstamos Signatura topográfica completa Código de barras Fecha visto por última vez Precio válido a partir de Tipo de ítem Koha Nota pública
    Excluido de préstamo Patrimonio Dominicano Patrimonio Dominicano Patrimonio Dominicano Depósito 12.04.2011 LF1   320.6 C748i 28936-10 25.06.2020 25.06.2020 Libro y Folleto Colección Patrimonio Dominicano Pertenece a la colección Germán Emilio Ornes.

Con tecnología Koha